[Event "Clarin"]
[Site "Buenos Aires"]
[Date "1978.??.??"]
[Round "1"]
[White "Panno, Oscar"]
[Black "Smyslov, Vassily"]
[Result "1/2-1/2"]
[WhiteElo "2580"]
[BlackElo "2575"]

1.c4 c6 2.Nf3 d5 3.d4 Nf6 4.cxd5 cxd5 5.Nc3 e6 6.Bf4 Qb6 7.Qc2 Bd7 8.e3 Nc6
9.Be2 Be7 10.O-O O-O 11.a3 Rfc8 12.Nd2 Qd8 13.Rfc1 Be8 14.Qd1 Bd6 15.Bg3 Ne7
16.Bd3 Bxg3 17.hxg3 Rc7 18.Nb3 Nc8 19.Nc5  1/2-1/2

[Event "DDR-ch 27th"]
[Site "Eggesin/Torgelow"]
[Date "1978.??.??"]
[Round "1"]
[White "Vogt, Lothar"]
[Black "Starck, Bodo"]
[Result "1/2-1/2"]
[WhiteElo "2520"]
[BlackElo "2310"]

1.c4 c6 2.b3 d5 3.Bb2 Bf5 4.g3 e6 5.Bg2 Nf6 6.Nf3 Be7 7.O-O Nbd7 8.d3 h6
9.Nbd2 O-O 10.a3 a5 11.Ra2 Qb6 12.Qa1 Rfc8 13.Bc3 Qd8 14.b4 axb4 15.axb4 Rxa2
16.Qxa2 Ra8 17.Qb3 Qb8 18.cxd5 cxd5 19.Nd4 Bg6 20.f4 Qd6 21.N2f3 Bh7 22.Qb2 Qb6
23.h3 Ne8 24.Kh1 Bf8 25.g4 Nd6 26.g5 hxg5 27.Nxg5 Bg6 28.e4 dxe4 29.dxe4 e5
30.fxe5 Nc4 31.Qe2 Ndxe5 32.Nf5 Ra3 33.Bxe5 Nxe5 34.Nh4 Qe3 35.Qxe3 Rxe3
36.Nxg6 Nxg6 37.Nxf7 Bxb4 38.e5 Re1 39.Rxe1 Bxe1 40.Nd6 b6 41.e6 Ne7 42.Bf1  1/2-1/2

[Event "DDR-ch 27th"]
[Site "Eggesin/Torgelow"]
[Date "1978.??.??"]
[Round "10"]
[White "Uhlmann, Wolfgang"]
[Black "Starck, Bodo"]
[Result "0-1"]
[WhiteElo "2575"]
[BlackElo "2310"]

1.c4 c6 2.d4 d5 3.Nf3 Nf6 4.Nc3 dxc4 5.a4 Bf5 6.e3 e6 7.Bxc4 Bb4 8.O-O O-O
9.Qe2 Nbd7 10.Rd1 Ne4 11.Na2 Be7 12.b3 a5 13.Bb2 Qb6 14.Nc3 Rfd8 15.Nxe4 Bxe4
16.Nd2 Bc2 17.Rdc1 Bg6 18.f3 Bg5 19.Ne4 Bxe4 20.fxe4 Ne5 21.Ba3 Bxe3+ 22.Qxe3 Ng4
23.Qe2 Rxd4 24.Kh1 Rxe4 25.Qf3 Nf2+ 26.Kg1 Rf4 27.Qe2 Ne4+ 28.Kh1 Rh4 29.Rc3 Nxc3
30.Qe1 Qd4 31.Bb2 Qf4 32.h3 Ne4 33.Kg1 Rh5 34.Rd1 Rf5 35.g4 Qf2+ 36.Qxf2 Rxf2
37.Be5 Rd2 38.Re1 Nf6 39.g5 Nd5 40.h4 Rd8  0-1

[Event "Espergarde op"]
[Site "Espergarde"]
[Date "1978.??.??"]
[Round "6"]
[White "Jorgensen, Poul"]
[Black "Kallenberg, E."]
[Result "1-0"]
[WhiteElo "2200"]
[BlackElo "2200"]

1.c4 c6 2.d4 d5 3.e3 Nf6 4.Nc3 Bf5 5.cxd5 Nxd5 6.Nxd5 Qxd5 7.Nf3 e6 8.Bd2 Be7
9.Be2 O-O 10.O-O Nd7 11.Bc3 Bf6 12.Nd2 Nb6 13.Bf3 Qd7 14.a4 Nd5 15.Nb3 Nxc3
16.bxc3 Be7 17.e4 Bg6 18.Qe2 Rac8 19.Rfd1 Qc7 20.Ra2 Rfd8 21.g3 b6 22.Bg4 f5
23.exf5 exf5 24.Bh5 Bxh5 25.Qxh5 g6 26.Qf3 Bf6 27.Re2 Re8 28.Rde1 Qf7 29.Nd2 Qd7
30.Nc4 Kf8 31.Ne5 Qd5 32.Qxd5 cxd5 33.Nd7+ Kf7 34.Rxe8  1-0

[Event "DSV-Turnier"]
[Site "Halle"]
[Date "1978.??.??"]
[Round "10"]
[White "Uhlmann, Wolfgang"]
[Black "Hort, Vlastimil"]
[Result "1/2-1/2"]
[WhiteElo "2575"]
[BlackElo "2620"]

1.c4 c6 2.d4 d5 3.cxd5 cxd5 4.Nc3 Nf6 5.Nf3 Nc6 6.Bf4 e6 7.e3 Bd6 8.Bxd6 Qxd6
9.Bd3 Bd7 10.O-O O-O  1/2-1/2

[Event "Hastings7879"]
[Site "Hastings"]
[Date "1978.??.??"]
[Round "4"]
[White "Csom, Istvan"]
[Black "Kochyev, Alexander"]
[Result "1/2-1/2"]
[WhiteElo "2510"]
[BlackElo "2555"]

1.c4 c6 2.d4 d5 3.cxd5 cxd5 4.Nf3 Nf6 5.Nc3 Nc6 6.Bf4 Bf5 7.e3 e6 8.Bd3 Bxd3
9.Qxd3 Bd6 10.Bxd6 Qxd6 11.O-O O-O 12.Rfc1 Rfc8 13.h3 Ne7 14.Ne5 Nd7 15.Nxd7 Qxd7  1/2-1/2

[Event "NLD-ch"]
[Site "Leeuwarden"]
[Date "1978.??.??"]
[Round "2"]
[White "Ree, Hans"]
[Black "Bohm, Hans"]
[Result "1-0"]
[WhiteElo "2500"]
[BlackElo "2410"]

1.c4 c6 2.Nf3 d5 3.e3 Nf6 4.Nc3 g6 5.d4 Bg7 6.Be2 O-O 7.O-O Nbd7 8.b3 Re8
9.Bb2 Qa5 10.Qd2 dxc4 11.Bxc4 Nb6 12.Bd3 Qh5 13.Ne2 Qd5 14.Rac1 Bg4 15.Ne5 Rad8
16.f3 Bc8 17.Ba3 Nh5 18.f4 f5 19.Bc5 Be6 20.Nc3  1-0

[Event "Leipzig ET17"]
[Site "Leipzig"]
[Date "1978.??.??"]
[Round "10"]
[White "Hausner, Ivan"]
[Black "Baumbach, Friedrich"]
[Result "1/2-1/2"]
[WhiteElo "2365"]
[BlackElo "2375"]

1.c4 c6 2.g3 d5 3.Bg2 Nf6 4.Qb3 e5 5.cxd5 cxd5 6.Nc3 Nc6 7.Nxd5 Nd4 8.Nxf6+ Qxf6
9.Qd1 Bf5 10.d3 Rc8 11.Kf1 Bc5 12.Nf3 O-O 13.Be3 Nxf3 14.Bxf3 Bxe3 15.fxe3 e4
16.dxe4 Bxe4 17.Qd4 Qxd4 18.exd4 Bxf3 19.exf3 Rc2 20.Rg1 Rd8 21.Rg2 Rxg2
22.Kxg2 Rxd4 23.Rf1  1/2-1/2

[Event "Lone Pine op"]
[Site "Lone Pine"]
[Date "1978.??.??"]
[Round "6"]
[White "Zaltsman, Vitaly F"]
[Black "Bohm, Hans"]
[Result "1-0"]
[WhiteElo "2440"]
[BlackElo "2410"]

1.c4 c6 2.Nf3 d5 3.d4 Nf6 4.Nc3 dxc4 5.a4 Bf5 6.e3 e6 7.Bxc4 Bb4 8.O-O Nbd7
9.Qe2 Bg6 10.Rd1 Qc7 11.Bd3 Bxd3 12.Rxd3 e5 13.e4 O-O-O 14.Bg5 exd4 15.Rxd4 Bxc3
16.bxc3 h6 17.Bh4 Rhe8 18.Rad1 Nc5 19.e5 g5 20.Rxd8+ Rxd8 21.Rxd8+ Qxd8 22.Nxg5 hxg5
23.Bxg5 Nxa4 24.Bxf6 Qd7 25.h4 Nxc3 26.Qf3 Qd2 27.Kh2 Ne2 28.Bg5 Qe1 29.e6  1-0

[Event "Lvov zt"]
[Site "Lvov"]
[Date "1978.??.??"]
[Round "11"]
[White "Dorfman, Josif D"]
[Black "Bagirov, Vladimir"]
[Result "1/2-1/2"]
[WhiteElo "2550"]
[BlackElo "2495"]

1.c4 c6 2.Nf3 d5 3.g3 Bg4 4.Bg2 Nd7 5.cxd5 cxd5 6.Qa4 Nf6 7.Nc3 Bxf3 8.Bxf3 e6
9.e4 dxe4 10.Nxe4 Be7 11.Nc3 O-O 12.d4 Nb6 13.Qd1 Qd7 14.O-O Rac8 15.Qb3 Nfd5
16.Rd1 Rfd8 17.Bd2 Nc4 18.Be1 Rc6 19.Rab1 a6 20.Bg2 Qc7 21.Nxd5 exd5 22.Qd3 Qb6
23.Bc3 Rcc8 24.Bh3 Rb8 25.b3 Nd6 26.Bb2 Nb5 27.Rbc1 Na7 28.Qe3 Bf8 29.Rd3 Qg6
30.Qf3 Nc6 31.Re3 Qd6 32.Kg2 g6 33.Rd1 Bh6 34.Re2 Re8 35.Re5 Rbd8 36.Re2 f5
37.g4 Rxe2 38.Qxe2 fxg4 39.Qxg4 Kg7 40.Re1 Qf4  1/2-1/2

[Event "Rubinstein mem"]
[Site "Polanica Zdroj"]
[Date "1978.??.??"]
[Round "9"]
[White "Schmidt, Wlodzimierz"]
[Black "Dorfman, Josif D"]
[Result "0-1"]
[WhiteElo "2505"]
[BlackElo "2550"]

1.c4 c6 2.Nf3 d5 3.b3 Bg4 4.e3 e5 5.h3 Bxf3 6.Qxf3 Nf6 7.Bb2 Bd6 8.cxd5 cxd5
9.Nc3 e4 10.Qd1 Nc6 11.Be2 O-O 12.d3 Qe7 13.d4 a6 14.O-O b5 15.Qd2 h5 16.f4 exf3
17.Bxf3 Qe6 18.Rfe1 Rac8 19.Rac1 Rfe8 20.Qf2 Bb4 21.Qh4 Ne7 22.Qg5 Nf5 23.a3 Bxc3
24.Bxc3 g6 25.Qf4 Ne4 26.Bb4 Nfg3 27.Qe5 Qd7 28.Rxc8 Rxc8 29.Bxe4 Nxe4 30.Rf1 Qe6
31.Qxe6 fxe6 32.g4 hxg4 33.hxg4 Kg7 34.Kg2 Rc2+ 35.Kh3 Re2 36.g5 Nxg5+  0-1

[Event "URS-ch46"]
[Site "Tbilisi"]
[Date "1978.??.??"]
[Round "?"]
[White "Beliavsky, Alexander G"]
[Black "Bagirov, Vladimir"]
[Result "1/2-1/2"]
[WhiteElo "2530"]
[BlackElo "2505"]

1.c4 c6 2.e4 d5 3.exd5 cxd5 4.d4 Nf6 5.Nc3 Nc6 6.Bg5 Qa5 7.Bxf6 exf6 8.cxd5 Bb4
9.Qd2 Bxc3 10.bxc3 Qxd5 11.Ne2 O-O 12.Nf4 Qa5 13.Be2 Rd8 14.Rd1 Be6 15.d5 Ne5
16.c4 Qc5 17.Nd3 Nxd3+ 18.Qxd3 Bd7 19.O-O Rac8 20.Rb1 b6 21.Rfd1 Qd6 22.Qf3 g6
23.Rd4 Re8 24.Rbd1 Re7 25.g4 Rce8 26.R1d2 f5 27.h3 fxg4 28.hxg4 f5 29.Qd3 Re4
30.Rxe4 Rxe4 31.Kg2 Re8 32.Qd4 Re4 33.Qd3 Re8 34.Qd4 Re4 35.Qd3 Re8 36.Qd4 Re4  1/2-1/2

[Event "Vilnius"]
[Site "Vilnius"]
[Date "1978.??.??"]
[Round "12"]
[White "Gulko, Boris F"]
[Black "Dvorietzky, Mark I"]
[Result "1-0"]
[WhiteElo "2575"]
[BlackElo "2525"]

1.c4 c6 2.Nc3 d5 3.cxd5 cxd5 4.d4 Nf6 5.Bf4 Qb6 6.Rc1 Nc6 7.e3 Qxb2 8.Bd3 Bg4
9.Nge2 Bxe2 10.Bxe2 e5 11.dxe5 Bb4 12.O-O Bxc3 13.exf6 Bxf6 14.Bf3 Rd8 15.Bxd5 Ne7
16.e4 Nxd5 17.exd5 O-O 18.d6 Qxa2 19.d7 Qe6 20.Rc7 Be5 21.Bxe5 Qxe5 22.Rxb7 a5
23.g3 h5 24.h4 g6 25.Re1 Qc5 26.Qa4 Kh7 27.Rb5 Qc3 28.Rbb1 Rb8 29.Qe4 Rbd8
30.Rbd1 Qb4 31.Rd4 Qc3 32.Red1 Qb3 33.Rd5 Kg8 34.R1d4 Qc3 35.Rd6 Kh7 36.Kg2 Qb3
37.R4d5 Kg7 38.Rg5  1-0

[Event "Wellington"]
[Site "Wellington"]
[Date "1978.??.??"]
[Round "?"]
[White "Cardoso, Radolfo Tan"]
[Black "Sharif, Mershad"]
[Result "1/2-1/2"]
[WhiteElo "2320"]
[BlackElo "2380"]

1.c4 c6 2.d4 d5 3.Nc3 Nf6 4.cxd5 cxd5 5.Bf4 Nc6 6.e3 a6 7.Bd3 e6 8.Nge2 Be7
9.Rc1 O-O 10.O-O Bd7 11.Bb1 b5 12.Ng3 Rc8 13.Bg5 g6 14.Qf3 Ne8  1/2-1/2

[Event "IBM"]
[Site "Amsterdam"]
[Date "1979.??.??"]
[Round "13"]
[White "Andersson, Ulf"]
[Black "Donner, Jan Hein"]
[Result "1-0"]
[WhiteElo "2560"]
[BlackElo "2465"]

1.c4 c6 2.Nc3 d5 3.cxd5 cxd5 4.d4 Nc6 5.Nf3 Nf6 6.Bf4 e6 7.e3 Bd6 8.Bd3 Bxf4
9.exf4 Qb6 10.a3 Bd7 11.Na4 Qc7 12.g3 O-O 13.O-O Rfc8 14.Rc1 Qd8 15.Nc5 Rc7
16.Rc3 Rac8 17.Qc2 g6 18.Rc1 Be8 19.Qd2 Qe7 20.b4 Nb8 21.Ne5 b6 22.Nb3 Ba4
23.Rxc7 Rxc7 24.Rxc7 Qxc7 25.Nc1 Ne4 26.Bxe4 dxe4 27.Ne2 f6 28.Ng4 Qd8 29.Nc3 Bc6
30.d5 exd5 31.Qd4 Kg7 32.h4 Nd7 33.Nxd5 Bxd5 34.Qxd5 Qe7 35.h5 gxh5 36.Ne3 Qe8
37.Nf5+ Kg6 38.Nd6 Qe7 39.Qg8+  1-0

[Event "JUG-34ch"]
[Site "Bjelovar"]
[Date "1979.??.??"]
[Round "11"]
[White "Janosevic, Dragoljub"]
[Black "Karaklajic, Nikola"]
[Result "1/2-1/2"]
[WhiteElo "2400"]
[BlackElo "2460"]

1.c4 c6 2.e4 d5 3.exd5 cxd5 4.d4 Nf6 5.Nc3 e6 6.Bg5 Be7 7.Rc1 O-O 8.Nf3 Nc6
9.a3 Ne4 10.Bxe7 Qxe7 11.Be2 Nxc3 12.Rxc3 dxc4 13.Bxc4 e5 14.Re3 Bg4 15.Bd5 Bxf3
16.Bxf3 Qf6 17.dxe5 Nxe5 18.Bxb7 Rad8 19.Qe2 Ng4 20.Qxg4 Qxb2 21.O-O Qxb7
22.Rfe1  1/2-1/2

[Event "Dortmund"]
[Site "Dortmund"]
[Date "1979.??.??"]
[Round "11"]
[White "Ghinda, Mihail Viorel"]
[Black "Perecz, Laszlo"]
[Result "1/2-1/2"]
[WhiteElo "2455"]
[BlackElo "2315"]

1.c4 c6 2.e4 e5 3.Nc3 d6 4.d4 Be7 5.d5 Nf6 6.Nf3 O-O 7.Be2 cxd5 8.cxd5 Nbd7
9.Qc2 a5 10.O-O Nc5 11.Be3 b6 12.Nd2 Ng4 13.Bxg4 Bxg4 14.a3 Nd7 15.f3 Bh5
16.b4 Qc7 17.Qb2 Rfc8 18.Rfc1 Qb7 19.Nb5 f5 20.Rxc8+ Rxc8 21.Rc1 axb4 22.axb4 Nf6
23.Nc4  1/2-1/2

[Event "URS-FL"]
[Site "Frunze"]
[Date "1979.??.??"]
[Round "4"]
[White "Grigorian, Karen Ashotovich"]
[Black "Bagirov, Vladimir"]
[Result "1/2-1/2"]
[WhiteElo "2480"]
[BlackElo "2545"]

1.c4 c6 2.d4 d5 3.Nf3 Nf6 4.e3 Bf5 5.cxd5 cxd5 6.Nc3 e6 7.Qb3 Qc8 8.Bb5+ Nfd7
9.Bd2 Nc6 10.Rc1 Be7 11.O-O O-O 12.Na4 Qb8 13.Bxc6 bxc6 14.Rxc6 Qxb3 15.axb3 Rfc8
16.Rfc1 Rxc6 17.Rxc6 Kf8 18.Ba5 Ke8 19.b4 Bd3 20.Rc3 Bb5 21.Nc5 Nb6 22.Nd2 Rb8
23.b3 Bd6 24.Rc1 Nc8  1/2-1/2

[Event "Lodz"]
[Site "Lodz"]
[Date "1979.??.??"]
[Round "1"]
[White "Tompa, Janos"]
[Black "Bator, Robert"]
[Result "0-1"]
[WhiteElo "2420"]
[BlackElo "2230"]

1.c4 c6 2.Nf3 d5 3.b3 Nf6 4.g3 g6 5.Bg2 Bg7 6.Bb2 O-O 7.O-O Nbd7 8.d3 Re8
9.Nbd2 e5 10.cxd5 Nxd5 11.Qc2 N7b6 12.a3 Qe7 13.e4 Nc7 14.d4 exd4 15.Bxd4 Bxd4
16.Nxd4 Ne6 17.N4f3 Qc5 18.Qb2 Ng5 19.b4 Nxf3+ 20.Bxf3 Qe7 21.h4 Bh3 22.Rfd1 Rad8
23.Qc3 h5 24.a4 a6 25.a5 Nd7 26.Nc4 Ne5 27.Nxe5 Rxd1+ 28.Rxd1 Qxe5 29.Qxe5 Rxe5
30.Kh2 Be6 31.Rd8+ Kg7 32.Rb8 c5 33.b5 c4 34.Rxb7 Rxb5 35.Rxb5 axb5 36.a6 c3
37.a7 c2 38.a8=Q c1=Q  0-1

[Event "Lodz"]
[Site "Lodz"]
[Date "1979.??.??"]
[Round "9"]
[White "Schinzel, Wladyslaw"]
[Black "Bator, Robert"]
[Result "1-0"]
[WhiteElo "2400"]
[BlackElo "2230"]

1.c4 c6 2.e4 d5 3.exd5 cxd5 4.cxd5 Nf6 5.Bb5+ Nbd7 6.Nc3 g6 7.d4 Bg7 8.d6 e6
9.d5 e5 10.Nf3 O-O 11.O-O Qb6 12.Nd2 Qxd6 13.Nc4 Qb8 14.Bg5 Nc5 15.Bxf6 Bxf6
16.b4 e4 17.Rc1 Bxc3 18.bxc5 Bg7 19.Ne3 Qe5 20.d6 Be6 21.Bc4 Bh6 22.Rc2 Bxe3
23.fxe3 Qxc5 24.Bxe6 Qxe3+ 25.Kh1 fxe6 26.Rxf8+ Rxf8 27.d7 Qb6 28.Rc8 Rd8
29.Qb3 Qa5  1-0

[Event "Lloyds Bank op"]
[Site "London"]
[Date "1979.??.??"]
[Round "6"]
[White "Wells, Ian Duncan"]
[Black "Fuster, Geza"]
[Result "1-0"]
[WhiteElo "2200"]
[BlackElo "2300"]

1.c4 c6 2.Nc3 d5 3.d4 Nf6 4.Bg5 dxc4 5.e4 b5 6.a3 h6 7.Bh4 Qb6 8.Be2 e6 9.Nf3 Bb7
10.O-O Nbd7 11.Qc2 g5 12.Bg3 Nh5 13.Rad1 Nxg3 14.fxg3 Bg7 15.Kh1 g4 16.Nh4 Bxd4
17.Bxg4 Ne5 18.Bh5 Rf8 19.Nf3 Nd3 20.Nxd4 Qxd4 21.Qe2 O-O-O 22.Bxf7 e5 23.Rf5 Kb8
24.Rdf1 a6 25.h3 Ka7 26.Bh5 Qd6 27.R1f3 Bc8 28.Rf7+ Rxf7 29.Bxf7 Rf8 30.Qe3+ Kb7
31.Qd2 Kb8 32.Kh2 Qe7 33.Bh5 Rxf3 34.Bxf3 Qd6 35.Ne2 Kc7 36.g4 Nf4 37.Qa5+ Kb7
38.Ng3 Qd4 39.Nf5 Bxf5 40.gxf5 Qxb2 41.Qd8 Qd4 42.Qe7+ Kb6 43.f6 Ng6 44.Qg7 c3
45.Qxg6 c2 46.Qxh6 Qc5 47.Qc1 a5 48.f7 b4 49.axb4 axb4 50.Bg4 Qf2 51.Be6 Qf4+
52.Qxf4 exf4 53.f8=Q c1=Q 54.Qxb4+ Kc7 55.Qb3 Qc5 56.Bg4  1-0

[Event "Lone Pine op"]
[Site "Lone Pine"]
[Date "1979.??.??"]
[Round "3"]
[White "Watson, John L"]
[Black "Denker, Arnold S"]
[Result "1-0"]
[WhiteElo "2375"]
[BlackElo "2330"]

1.c4 c6 2.e4 d5 3.exd5 cxd5 4.d4 Nf6 5.Nc3 Nc6 6.Bg5 Qa5 7.Qd2 Be6 8.Nf3 O-O-O
9.Bxf6 gxf6 10.c5 Bg4 11.a3 e5 12.dxe5 fxe5 13.Be2 Bxc5 14.O-O d4 15.b4 dxc3
16.Qxc3 Bxb4 17.axb4 Qxb4 18.Qc2 Rd5 19.Rfc1 Qd6 20.Qa4 Bxf3 21.Bxf3 Rc5
22.Rd1 Qc7 23.Bxc6 Qxc6 24.Qxa7 Kc7 25.Ra6 Qb5 26.Rf6 Rf8 27.Rfd6 Rc4 28.h3 Ra4
29.Qe3 f6 30.Qh6 Rf7 31.Qh5 Qb3 32.Qf5 Ra1 33.Rd7+ Kc6 34.Qe4+ Kc5 35.Rd5+ Kb6
36.Rxa1 f5 37.Qxe5 Rc7 38.Rd6+ Rc6 39.Qd4+ Kc7 40.Rd7+  1-0

[Event "Lone Pine op"]
[Site "Lone Pine"]
[Date "1979.??.??"]
[Round "9"]
[White "Zlotnikov, Mikhail"]
[Black "Day, Lawrence A"]
[Result "0-1"]
[WhiteElo "2435"]
[BlackElo "2375"]

1.c4 c6 2.d3 e5 3.Nf3 Nf6 4.Nc3 d6 5.g3 Nbd7 6.Bg2 Be7 7.O-O O-O 8.b3 Re8
9.Bb2 Bf8 10.Rc1 a6 11.Qc2 b5 12.Nd2 Bb7 13.b4 d5 14.cxd5 cxd5 15.Qb3 Nb6
16.Nd1 Qe7 17.a3 d4 18.Nf3 Bd5 19.Qc2 a5 20.bxa5 Rxa5 21.e4 Ba8 22.Nh4 Na4
23.Ba1 Qxa3 24.f4 b4 25.fxe5 Rc5 26.Qf2 Rxc1 27.exf6 g6 28.Bb2 Nxb2 29.Nxb2 Rec8
30.Nc4 Qa1 31.Nf5 Rxf1+ 32.Bxf1 Rxc4 33.dxc4 gxf5  0-1

[Event "Rome"]
[Site "Rome"]
[Date "1979.??.??"]
[Round "1"]
[White "Csom, Istvan"]
[Black "Pinter, Jozsef"]
[Result "1/2-1/2"]
[WhiteElo "2510"]
[BlackElo "2445"]

1.c4 c6 2.d4 d5 3.cxd5 cxd5 4.Nc3 Nf6 5.Bf4 Nc6 6.e3 Bf5 7.Bd3 Bxd3 8.Qxd3 e6
9.Nf3 Bd6 10.Bxd6 Qxd6 11.O-O O-O 12.Rfc1 Rfc8 13.h3 h6  1/2-1/2

[Event "Rome"]
[Site "Rome"]
[Date "1979.??.??"]
[Round "5"]
[White "Csom, Istvan"]
[Black "Coppini, Giorgio"]
[Result "1-0"]
[WhiteElo "2510"]
[BlackElo "2285"]

1.c4 c6 2.Nf3 d5 3.Qc2 g6 4.b3 Bg7 5.Bb2 Nf6 6.g3 O-O 7.Bg2 Re8 8.O-O Nbd7
9.Ne5 Nxe5 10.Bxe5 Nh5 11.Bxg7 Nxg7 12.d4 Bf5 13.Qb2 Qd7 14.Rd1 Be6 15.Nd2 Rad8
16.Rac1 Bh3 17.Bh1 dxc4 18.Nxc4 Nf5 19.d5 cxd5 20.Rxd5 Qe6 21.Qd2 Rxd5 22.Bxd5 Qa6
23.Ne5 e6 24.Bf3 Qb6 25.Nd7 Qd8 26.e4 Ng7 27.e5 Kh8 28.Bxb7 Re7 29.Rc8  1-0

[Event "Tallinn"]
[Site "Tallinn"]
[Date "1979.??.??"]
[Round "16"]
[White "Vilela, Jose Luis"]
[Black "Nei, Iivo"]
[Result "1/2-1/2"]
[WhiteElo "2480"]
[BlackElo "2500"]

1.c4 c6 2.d4 d5 3.cxd5 cxd5 4.Nc3 Nf6 5.Bf4 Nc6 6.e3 e6 7.Bd3 Be7 8.Nf3 O-O
9.O-O Nh5 10.Be5 f5 11.Rc1 Bd7 12.a3 Rc8 13.Re1 Be8 14.Re2 Nf6 15.Bxf6 Bxf6
16.Rec2 Bd7 17.Qe2 Qa5 18.Nd2 Qd8 19.Nb3 Qe7 20.Qd1 Nb8 21.Nc5 Bc6 22.Qe2 Nd7
23.N3a4 Nxc5 24.Nxc5 Rfd8 25.g3 Be8 26.Bb5 Bg6 27.f4 a6 28.Ba4 Rc7 29.b4 Be8
30.Bxe8 Rxe8 31.a4 Rec8 32.a5 Qe8 33.Nxb7 Rxc2 34.Rxc2 Rxc2 35.Qxc2 Be7 36.Nc5 Qb5
37.Qd2 Qc4 38.Kf2 h6 39.Nd3 Kh7 40.Ke2 g5 41.h3 Kg7 42.Kd1 Kf6 43.Qc2 Qb5
44.Qb3 h5 45.fxg5+ Kxg5 46.Ke2 Bd6 47.Kf2 h4 48.gxh4+ Kxh4 49.Qd1 Qc4 50.Kf3 Kg5
51.Qd2 Kf6 52.h4 Qb5 53.Qe2 Qc4 54.Qd2 Qb5 55.Qe2 Qc4 56.Kf2 Bxb4 57.Nxb4 Qxb4
58.Qxa6 f4 59.Qe2 fxe3+ 60.Qxe3 Qxa5 61.Kg3 Qa1 62.h5 Qb1 63.Qe5+ Kf7 64.Qf4+ Kg7
65.h6+ Kg6 66.Qg4+ Kxh6 67.Qxe6+ Qg6+ 68.Qxg6+  1/2-1/2

[Event "URS-ch (Women)"]
[Site "Tbilisi"]
[Date "1979.??.??"]
[Round "8"]
[White "Kobaidze, Tsiuri"]
[Black "Zaitseva, Ludmila G"]
[Result "1/2-1/2"]
[WhiteElo "2150"]
[BlackElo "2210"]

1.c4 c6 2.d4 d5 3.cxd5 cxd5 4.Bf4 Nc6 5.Nc3 Nf6 6.e3 e6 7.Nf3 Be7 8.Be2 O-O
9.h3 a6 10.O-O b5 11.Rc1 Bd7 12.Ne5 Na5 13.b3 Be8 14.Bd3 Rc8 15.Nb1 Ne4 16.f3 Nd6
17.Nd2 f6 18.Ng4 Bg6 19.Nf2 Bxd3 20.Nxd3 Qb6 21.Nc5 e5 22.Bg3 Rfd8 23.Bf2 Nf7
24.b4 Nc4 25.Ndb3 Bxc5 26.Nxc5 Ng5 27.Qd3 Ne6 28.Qf5 Nxc5 29.dxc5 Qc6 30.Qd3 e4
31.Qc3 exf3 32.gxf3 Re8 33.Kh2 Re5 34.Rg1 Qe6 35.Qd4 Rh5 36.Rg3 Ne5 37.e4 Nc6
38.Qd2 d4 39.Rcg1 g6 40.a3 Rd8 41.Rd1 Qe5 42.Re1 Qe7 43.f4 Kh8 44.Qe2 Qf7
45.Rd1 g5 46.fxg5 Rxg5 47.Rxg5 fxg5 48.Bg3 Re8 49.e5 Qe6 50.Qf2 Kg8 51.Qd2 Qf5
52.Qd3 Qe6 53.Qe4 Rf8 54.Rd2 Rf5 55.Re2 h5 56.Kg2 h4 57.Rf2 Rf7 58.Rxf7 Kxf7
59.Bf2 Nxe5 60.Bxd4 Qc6 61.Qxc6 Nxc6 62.Bb2 Ke6 63.Kf3 Kf5 64.Bc3 Ne7 65.Bb2 Nc6  1/2-1/2

[Event "URS-ch (Women)"]
[Site "Tbilisi"]
[Date "1979.??.??"]
[Round "9"]
[White "Litinskaya, Marta I"]
[Black "Semenova, Lidia K"]
[Result "0-1"]
[WhiteElo "2265"]
[BlackElo "2245"]

1.c4 c6 2.d4 d5 3.Nc3 Nf6 4.e3 g6 5.Nf3 Bg7 6.Bd3 O-O 7.O-O Nbd7 8.b3 e6
9.e4 dxe4 10.Bxe4 c5 11.Ba3 Qa5 12.Qc1 cxd4 13.Bxf8 Nxf8 14.Bxg6 Qxc3 15.Qxc3 dxc3
16.Bc2 b6 17.Rad1 Bb7 18.Rd3 N6d7 19.Re1 Rc8 20.Nd4 a6 21.Rg3 Kh8 22.Ne2 b5
23.Nxc3 bxc4 24.b4 Nf6 25.Rd1 Nd5 26.Ne4 Be5 27.Rh3 Nxb4 28.Ng5 Kg7 29.Bxh7 c3
30.a3 c2 31.Bxc2 Nxc2 32.Rb3 Bd5 33.Rb6 Bf6 34.h4 Rc6 35.Rxc6 Bxc6 36.Rd3 Nd4
37.f4 Ne2+ 38.Kf2 Nxf4 39.Rd6 Bb5 40.Kf3 Nd5 41.a4 Be7  0-1

[Event "URS-ch (Women)"]
[Site "Tbilisi"]
[Date "1979.??.??"]
[Round "15"]
[White "Alexandria, Nana"]
[Black "Semenova, Lidia K"]
[Result "1-0"]
[WhiteElo "2340"]
[BlackElo "2245"]

1.c4 c6 2.e4 d5 3.exd5 cxd5 4.d4 Nf6 5.Nc3 e6 6.Nf3 Be7 7.c5 Ne4 8.Qc2 f5
9.b4 O-O 10.Rb1 Bf6 11.b5 g5 12.Be2 a6 13.bxa6 Nxa6 14.Bxa6 Rxa6 15.O-O Nxc3
16.Qxc3 Rxa2 17.Re1 Kh8 18.Ne5 Qa5 19.Qxa5 Rxa5 20.h4 gxh4 21.Bh6 Bg7 22.Bxg7+ Kxg7
23.Ra1 Rb5 24.Reb1 Rxb1+ 25.Rxb1 Kf6 26.f4 Ke7 27.Kf2 Rg8 28.Rh1 Bd7 29.Rxh4 Rg7
30.Rh1 Kd8 31.Nf3 Kc7 32.Ng5 e5 33.dxe5 Kc6 34.e6 Bc8 35.Ke3 h6 36.Rxh6 Kxc5
37.Rf6 b5 38.Rxf5 b4 39.Rf7 b3 40.Kd2 Rg8 41.e7 Re8 42.Rf8 Bd7 43.Rxe8 Bxe8
44.f5 Kb4 45.Nf3 Kc5 46.f6 Kd6 47.Ng5 Ba4 48.Kc1 d4 49.Ne4+ Ke6 50.Nc5+ Kxf6
51.Nxa4 Kxe7 52.Nc5 Kd6 53.Nxb3 Ke5 54.Nd2  1-0

[Event "CSR-ch"]
[Site "Trencianske Teplice"]
[Date "1979.??.??"]
[Round "2"]
[White "Uhlmann, Wolfgang"]
[Black "Dobosz, Henryk"]
[Result "1/2-1/2"]
[WhiteElo "2530"]
[BlackElo "2380"]

1.c4 c6 2.d4 d5 3.Nf3 Nf6 4.Nc3 e6 5.Bg5 h6 6.Bxf6 Qxf6 7.Qb3 dxc4 8.Qxc4 Qd8
9.e4 b5 10.Qb3 Be7 11.Be2 a6 12.O-O O-O 13.Rfd1 Qc7 14.Rac1 Qa7 15.e5 Nd7
16.Qc2 c5 17.d5 c4 18.a4 Qb6 19.dxe6 fxe6 20.Qg6 Rf7 21.Ne4 Nc5 22.Nd6 Bxd6
23.Rxd6 Qa5 24.Rc6 Qb4 25.Rc7 Bd7 26.Rd1 Be8 27.Rxc5 Qxc5 28.Qxe6 Qc8 29.Qb6 Qc7
30.Qe3 Re7 31.e6 Bh5 32.Qe4 Rae8 33.Ng5 hxg5 34.Bxh5 Rxe6 35.Qd5 Qd6 36.f4 Qxd5
37.Rxd5 Rb8 38.axb5 axb5 39.fxg5 b4 40.Rd7 Re1+ 41.Kf2 Rc1 42.Bf7+ Kf8 43.Bd5 Rb5
44.g6 Rxd5 45.Rxd5 Rc2+ 46.Kf3 Rxb2 47.Rd7 c3 48.Rf7+ Ke8 49.Rxg7 c2 50.Rc7 Kf8
51.Kf4 b3 52.Rc8+ Kg7 53.Kf5 Rb1 54.Rc7+ Kg8 55.Rc8+ Kg7 56.Rc7+  1/2-1/2

[Event "Warszawa Cup5-A"]
[Site "Warsaw"]
[Date "1979.??.??"]
[Round "10"]
[White "Schinzel, Wladyslaw"]
[Black "Barczay, Laszlo"]
[Result "1/2-1/2"]
[WhiteElo "2400"]
[BlackElo "2470"]

1.c4 c6 2.d4 d5 3.Nc3 Nf6 4.Nf3 e6 5.Bg5 dxc4 6.e4 b5 7.e5 h6 8.Bh4 g5 9.Nxg5 hxg5
10.Bxg5 Nbd7 11.g3 Bb7 12.Bg2 Qb6 13.exf6 O-O-O 14.O-O Bh6 15.h4 Bxg5 16.hxg5 c5
17.dxc5 Nxc5 18.Qe2 Rd3 19.Rae1 b4 20.Bxb7+ Qxb7 21.Ne4 Rd4 22.f3 Nxe4 23.fxe4 Qc7
24.Kg2 Rg8 25.Rd1 Rxg5 26.Rf3 Rxd1 27.Qxd1 Rc5 28.Rf2 c3 29.bxc3 Rxc3 30.Qg4 Kb7
31.Qg5 Kb6 32.Kh3 a5 33.e5 Qc6 34.Qd2 Kb5 35.Rf4 Ka4 36.Kg4 Ka3 37.Rf2 Qc4+
38.Qf4 Qxf4+ 39.gxf4 a4 40.f5 Rc6 41.Rd2 b3 42.axb3 exf5+ 43.Kg5 axb3 44.Rd6 Rc7
45.e6 fxe6 46.Rxe6 f4 47.Kxf4  1/2-1/2

[Event "BCF-ch"]
[Site "Brighton"]
[Date "1980.08.12"]
[Round "8"]
[White "Cummings, David H"]
[Black "Knox, Victor W"]
[Result "1-0"]
[WhiteElo "2280"]
[BlackElo "2335"]

1.c4 c6 2.Nf3 d5 3.b3 Bf5 4.Bb2 e6 5.e3 h6 6.Be2 Nf6 7.O-O Nbd7 8.d4 Be7
9.Nbd2 O-O 10.a3 Re8 11.b4 a6 12.Nb3 Bd6 13.Ne5 Bc7 14.f4 Nxe5 15.fxe5 Nd7
16.Bd3 Bxd3 17.Qxd3 f5 18.c5 Nf8 19.a4 Qg5 20.Bc1 Ng6 21.b5 axb5 22.axb5 Rxa1
23.Nxa1 Ra8 24.Nc2 Qg4 25.bxc6 bxc6 26.Nb4 Nxe5 27.Qc2 Nc4 28.Nxc6 Qh5 29.g3 Qe8
30.Nb4 Qb5 31.Nxd5 exd5 32.Qxf5 Qc6 33.Qf7+ Kh8 34.e4 Rd8 35.exd5 Qxd5 36.Qxc7 Qxd4+
37.Kh1 Qd5+ 38.Kg1 Qd4+ 39.Kh1 Ne5 40.Bb2 Qd5+ 41.Kg1 Re8 42.Qd6 Qe4 43.Qd4 Qb7
44.Bc3 Re7 45.c6 Qxc6 46.Qd8+ Kh7 47.Qxe7 Qxc3 48.Qf8 Qd4+ 49.Qf2 Qxf2+ 50.Rxf2 Kg6
51.Kg2 Ng4 52.Ra2 Nf6 53.Ra7 Ng4 54.h3 Nf6 55.Kf3 h5 56.Rb7 Nd5 57.Ke4 Nf6+
58.Ke5 Ne8 59.h4 Nf6 60.Rb6 Kf7 61.Kf5 g6+ 62.Kg5 Ne4+ 63.Kf4 Nc5 64.Rb5 Ne6+
65.Ke5 Nd8 66.Rd5 Nc6+ 67.Kf4 Ne7 68.Rb5 Ke6 69.Kg5 Nf5 70.Rxf5  1-0

[Event "IBM-B"]
[Site "Amsterdam"]
[Date "1980.??.??"]
[Round "?"]
[White "Hofland, Leonard"]
[Black "Bohm, Hans"]
[Result "0-1"]
[WhiteElo "2300"]
[BlackElo "2430"]

1.c4 c6 2.d4 d5 3.cxd5 cxd5 4.Nc3 Nf6 5.Nf3 Nc6 6.Bf4 Bf5 7.e3 e6 8.Bb5 Nd7
9.Qa4 Qb6 10.Nh4 Be4 11.O-O-O Rc8 12.f3 Bg6 13.Nxg6 hxg6 14.Kb1 a6 15.Bxc6 Rxc6
16.Qb3 Qxb3 17.axb3 Bb4 18.Rc1 O-O 19.Na2 Be7 20.Rc3 Rfc8 21.Rhc1 f6 22.Bg3 Kf7
23.e4 f5 24.exd5 exd5 25.Kc2 Nf8 26.Kd3 Ne6 27.Be5 Ke8 28.Rxc6 bxc6 29.Nc3 Kd7
30.Na4 Bd8 31.Nc5+ Nxc5+ 32.Rxc5 Bc7 33.Bxg7 Rb8 34.Kc2 Bxh2 35.Ra5 Ra8 36.Ra1 Bd6
37.Rh1 Re8 38.Kd3 Bf4 39.Be5 Bxe5 40.dxe5 Rxe5 41.Ra1 f4 42.Rxa6 Re3+ 43.Kd2 Rxb3
44.Ra7+ Kd6 45.Kc1 Re3 46.Rf7 g5 47.Rg7 Re5 48.Rg6+ Kc5 49.Kd2 Kb5 50.Kd3 c5
51.Rg8 Ka4 52.Rc8 Re3+ 53.Kd2 Kb4 54.Rg8 Re5 55.Kd3 Re3+ 56.Kd2 Kb3 57.Rxg5 Kxb2
58.Rxd5 c4 59.Kd1 Ra3 60.Rd2+ Kc3 61.Rc2+ Kb3 62.Kd2 Ra1 63.Rc3+ Kb4 64.Rc2 Rb1
65.Ra2 Kb3 66.Ra8 Rb2+ 67.Ke1 Rxg2 68.Rb8+  0-1